First Earth Encyclopedia: (Record no. 594232)
[ view plain ]
| 000 -LEADER | |
|---|---|
| fixed length control field | 00431nam a22001457a 4500 |
| 020 ## - INTERNATIONAL STANDARD BOOK NUMBER | |
| International Standard Book Number | 9780241188781 |
| 040 ## - CATALOGING SOURCE | |
| Transcribing agency | NUST |
| 082 ## - DEWEY DECIMAL CLASSIFICATION NUMBER | |
| Classification number | 550.1 HOR |
| 100 ## - MAIN ENTRY--PERSONAL NAME | |
| Personal name | Horobin, Wendy |
| 9 (RLIN) | 111338 |
| 110 ## - MAIN ENTRY--CORPORATE NAME | |
| Corporate name or jurisdiction name as entry element | Stamps, Caroline |
| 9 (RLIN) | 111339 |
| 245 ## - TITLE STATEMENT | |
| Title | First Earth Encyclopedia: |
| Remainder of title | A First Reference Book for Children |
| 260 ## - PUBLICATION, DISTRIBUTION, ETC. | |
| Place of publication, distribution, etc. | London: |
| Name of publisher, distributor, etc. | Dorling Kindersley Limited, |
| Date of publication, distribution, etc. | 2018. |
| 650 ## - SUBJECT ADDED ENTRY--TOPICAL TERM | |
| Topical term or geographic name entry element | Earth Sciences Encyclopedias, |
| 9 (RLIN) | 111340 |
| 942 ## - ADDED ENTRY ELEMENTS (KOHA) | |
| Source of classification or shelving scheme | |
| Koha item type | Book |
| Withdrawn status | Lost status | Source of classification or shelving scheme | Damaged status | Not for loan | Permanent Location | Current Location | Shelving location | Date acquired | Total Checkouts | Full call number | Barcode | Date last seen | Price effective from | Koha item type |
|---|---|---|---|---|---|---|---|---|---|---|---|---|---|---|
| College of Electrical & Mechanical Engineering (CEME) | College of Electrical & Mechanical Engineering (CEME) | General Stacks | 03/24/2023 | 550.1 HOR | CEME-50497 | 03/24/2023 | 03/24/2023 | Book |
